Countries Within 500 Miles of Madrid - Statistics

General Stats
  • This quiz has been taken 90 times
  • The average score is 5 of 6
Answer Stats
Country % Correct
France
100%
Portugal
100%
Andorra
94%
Morocco
93%
Algeria
92%
United Kingdom
28%
No matching quizzes found
Score Distribution
Percent of People with Each Score
Percentile by Number Answered
Your Score History
You have not taken this quiz